Marketing avanzado en la práctica

Guardat en:
Dades bibliogràfiques
Autor principal: Levy, Alberto R (Autor)
Format: Llibre
Idioma:espanyol
Publicat: Buenos Aires Ediciones Granica S. A 1998
Edició:1a. ed
Col·lecció:Management Master
Matèries:
Etiquetes: Afegir etiqueta
Sense etiquetes, Sigues el primer a etiquetar aquest registre!

MARC

LEADER 00000cam a2200000 a 4500
001 UCE7736
003 CL-VaPUC
008 150703e19980000ag |||||||||||||||||spa|d
020 |a 9506412359 
082 0 4 |a 658.8  |b LEV  |2 21 
100 |a Levy, Alberto R  |e author  |9 592396 
245 1 0 |a Marketing avanzado en la práctica 
250 |a 1a. ed 
300 |a 282 p 
942 |c BK 
945 |d 20150703 10:05:00  |a dcastane 
260 |a Buenos Aires  |b Ediciones Granica S. A  |c 1998 
650 0 |a Marketing  |9 259324 
650 0 |a Economía   |9 255568 
650 0 |a Toma de decisiones   |9 257530 
650 0 |a Planificación estratégica   |9 259735 
583 |a last modification  |c 20150703 10:05:00  |k Rodrigo Vera 
490 0 |a Management Master 
999 |c 359767  |d 359765